| 000 | 00938nam a22002297a 4500 | ||
|---|---|---|---|
| 005 | 20240530110532.0 | ||
| 008 | 160322s2012 ua ak g b 000 p ara d | ||
| 017 |
_a2012/2192 _bمصر . دار الكتب المصرية |
||
| 020 | _a9789774990557 | ||
| 040 | _aEG-CaGPL | ||
| 082 | 0 | 4 |
_221 _a813.009\ _bس ش |
| 100 | 0 | _aسليمة عذاورى | |
| 245 | 1 | 0 |
_aشعرية التناص فى الرواية العربية : _bالرواية و التاريخ / _cسليمة عذاورى ؛ تقديم واسينى الاعرج |
| 250 | _aط1 | ||
| 260 |
_aالقاهرة : _bرؤية للنشر و التوزيع ، _c2012 . |
||
| 300 |
_a251 ص : _bايض ؛ _c19 سم . |
||
| 504 | _aيشتمل على ارجاعات ببليوجرافية | ||
| 650 | 0 | 4 |
_aالقصص العربية _xتاريخ و نقد |
| 700 | 0 |
_aواسينى الاعرج _eمقدم |
|
| 942 |
_2ddc _cBK |
||
| 999 |
_c62118 _d62118 |
||